000 00639nam a2200277Ia 4500
005 20260324150341.0
008 008 260324s9999 xx 000 0 eng d
020 _a9781003209157
037 _aEBOOK
040 _aCRL
040 _beng
040 _cCRL
041 _2eng
041 _aeng
084 _qCRL
100 _aD. W. Winnicott
_91218796
245 0 _aFamily and Individual Development
260 _bTaylor and Francis
260 _c1968
365 _a
365 _b98.95
856 _uhttp://www.taylorfrancis.com/books/9781003209157
942 _cEBOOK
999 _c1835424
_d1835424